• 首页
  • 本馆介绍
  • 公告通知
  • 最新文献
  • 馆藏检索
  • 电子资源
  • 读者导购
  • 参考咨询
  • 我的图书馆
  • 登录
  • 详细信息显示
  • 放入我的书架
  • 预约/预借图书
  • 作者相关作品
  • 分类相关作品
  • 丛书相关作品
  • 出版社相关作品

书目信息

  • 表格格式
  • 工作单格式
  • 卡片格式
题名:
腰腿痛
    
 
作者: 杨如虹 主编 ;彭奇 绘图
分册:  
出版信息: 北京   人民卫生出版社  2004
页数: 85页
开本: 20cm
丛书名: 家庭医生丛书
单 册:
中图分类: R681.5
科图分类:
主题词: 腰腿痛--防治 , 腰腿痛
电子资源:
ISBN: 7-117-05915-X
000 00815oam2 2200265 450
001 002640417
005 20061122094439.79
010    @a7-117-05915-X@dCNY7.20
100    @a20040511d2004 em y0chiy0110 ea
101 0  @achi
102    @aCN@b110000
105    @aa z 000yy
200 1  @a腰腿痛@9yao tui tong@f杨如虹等编著@g彭奇绘图
210    @a北京@c人民卫生出版社@d2004
215    @a85页@c插图@d20cm
225 2  @a家庭医生丛书
330    @a本书是讲述腰腿痛疾病的通俗科普读物,对腰部的解剖、疾病的分类、及不同类型疾病的诱因、性质、症状、防治等进行全面介绍。
461  0 @12001 @a家庭医生丛书
606 0  @a腰腿痛@x防治
606 0  @a腰腿痛
690    @aR681.5@v4
701  0 @a杨如虹@9yang ru hong@c(医学)@4主编
702  0 @a彭奇@9peng qi@4绘图
801  0 @aCN@bNLC@c20061122
905    @a10447@dR681.5@e31
    
    腰腿痛/杨如虹等编著/彭奇绘图.-北京:人民卫生出版社,2004
    85页:插图;20cm.-(家庭医生丛书)
    
    
    ISBN 7-117-05915-X:CNY7.20
    本书是讲述腰腿痛疾病的通俗科普读物,对腰部的解剖、疾病的分类、及不同类型疾病的诱因、性质、症状、防治等进行全面介绍。
●
相关链接 在E读中查询图书 在五车中查询图书 在当当中查询图书 在豆瓣中查询图书


正题名:腰腿痛     索取号:R681.5/31         预约/预借

序号 登录号 条形码 馆藏地/架位号 状态 备注
1 0394899   203948997   第二样本阅览室/ [索取号:R681.5/31] 在馆    
2 0394900   203949004   第三借阅区/ [索取号:R681.5/31] 在馆    
3 0394901   203949013   第三借阅区/ [索取号:R681.5/31] 在馆    
4 0394902   203949022   第三借阅区/ [索取号:R681.5/31] 在馆    
5 0394903   203949031   第三借阅区/ [索取号:R681.5/31] 在馆    
唐山师范学院图书馆 欢迎您!
大连网信软件有限公司© 版权所有